=LDR 00000nam 2200000 4500 =001 NUTBA000000000002032 =005 20140531111436.0 =006 =007 =008 =035 ##$$a 0010-051400000000497 =082 ##$$a 813 =100 ##$$a GEMMA TOWNLEY =245 ##$$a HOPELESS ROMANTIC'S HANDBOOK =260 ##$$a JAKARTA $b GRAMEDIA PUSTAKA UTAMA $c 2011 =850 ##$$a NBPNMAT =990 ##$$a 21400613/BPAP-NTB/20142014